000
00314nam a2200145Ia 4500
100
_a
Shanley/Tom/ Anderson Don
942
_c
BK
654
_a
computer
245
_a
ISA Systems Architecture
260
_b
Mind Share Inc
_c
1995
082
_a
4.62
_b
SHA/AND
300
_a
517
546
_a
ENGLISH
999
_c
19284
_d
19284